Responses for Show #8161 - Monday, February 17, 2020

MacKenzie Jones game 1.

Contestants

[<< previous game]

MacKenzie Jones, a program development director from Tulsa, Oklahoma

Tom Ellison, a business manager from Brooklyn, New York

Terry Heard Jr., an aircraft maintainer from Akron, Ohio (whose 1-day cash winnings total $17,663)

[next game >>]

Jeopardy! Round responses

JACKAL
HYDE
3-WORD BOOK TITLES BY MIDDLE WORD
SURVIVOR
(Jeff Probst: Hi, I'm Jeff Probst, host of [*]. Try to outwit, outplay, and outlast the other contestants in a category celebrating [*]'s landmark 40th season and 20th anniversary.)
BEARD MAN
RHYME FIGHTER
    $200 12
the lion

Tom
    $200 16
(Robert Louis) Stevenson

MacKenzie
    $200 6
Eat Pray Love

MacKenzie
    $200 14
cyclone

Terry
    $200 21
the Smithsonian

Tom
    $200 5
an all-nighter

MacKenzie
    $400 13
termites

MacKenzie
    $400 17
Roe v. Wade

Terry
    $400 26
In Cold Blood

Tom
    $400 29
alliance

MacKenzie
    $400 25
Lincoln

MacKenzie
    $400 4
an inciter

Triple Stumper
    $600 19
Ethiopia

Terry
    $600 18
Ireland

Tom
    $600 7
Me Before You

MacKenzie
    $600 15
"The tribe has spoken"

MacKenzie
    $600 1
Roentgen

Terry
    $600 22
a cigarette lighter

MacKenzie
    $800 27
Aeroflot

Tom
    $3,200 10
Mary

Terry
    $800 8
Fox in Socks

Terry
    $800 30
(Alex: Our thanks to Jeff Probst. I can't believe that Survivor has been on the air four years longer than Jeopardy! And Jeff has not changed one bit in appearance. And look at me. I need a break.)
[Laughter]
...
(Alex: I'm feeling so relieved. I found out during the commercial break that Survivor, although it's in its 40th season right now, is only in its 20th year. So I'm feeling like I'm looking pretty good after all.)
[Laughter]

(Elisabeth) Hasselbeck

MacKenzie
    $800 2
Nostradamus

Terry
    $800 23
a uniter

Terry
    $1000 20
(Terry: What is mange?)

rabies

TerryMacKenzie
    $1000 11
Speakers' Corner

MacKenzie
    $1000 9
Of Human Bondage

Terry
    $1000 28
The Art of War

Terry
    $1000 3
Gutenberg

MacKenzie
    $1000 24
a backbiter

Triple Stumper

Scores at the first commercial break (after clue 15):

Terry Tom MacKenzie
$6,600 $200 $4,000

Scores at the end of the Jeopardy! Round:

Terry Tom MacKenzie
$8,400 $2,200 $7,400

Double Jeopardy! Round responses

WORLD RIVERS
ACT OF CONGRESS AKAs
ENTERTAINMENT
THE NOT-SO-VICIOUS CIRCLE
ART SUBJECTS
HAWAIIAN CROSSWORD CLUES
    $400 17
(MacKenzie: What is the Nile?)

the Amazon

TomMacKenzie
    $400 22
(MacKenzie: What is the Bill of Rights?)

the Census

MacKenzie
Triple Stumper
    $400 9
(Terry: What is "Oh Caroline"?)

"Take Me Out To The Ball Game"

TerryMacKenzie
    $400 23
(MacKenzie: What is a peace sign?)

a smiley face

MacKenzie
Triple Stumper
    $400 13
Rembrandt

MacKenzie
    $400 20
(MacKenzie: What is Oahu?)
(Tom: What is Kona?)
(Terry: What is Kauai?)

Maui

TerryTomMacKenzie
Triple Stumper
    $800 16
the Rhine

Tom
    $800 24
[The end-of-round signal sounds.]

Copyright

Tom
    $800 21
(Alex: Less than a minute.)

American Bandstand

MacKenzie
    $800 14
the Antarctic

Tom
    $13,000 19
(Alex: You did today what Terry did on Friday and it paid off for both of you. Big wagers.)

Whistler

MacKenzie
    $1200 1
the Indus

Terry
    $1200 7
the Patriot Act

MacKenzie
    $1200 10
El Camino

MacKenzie
    $1200 4
Degas

MacKenzie
    $1600 2
Saskatchewan

Terry
    $1600 8
(MacKenzie: What is the Civil Rights Act?)

the Voting Rights Act

MacKenzie
Triple Stumper
    $1600 11
(Alex: You're all too young to remember. [*].)

the Borscht Belt

Triple Stumper
    $1600 15
Bill & Ted's Excellent Adventure

Triple Stumper
    $1600 6
(Terry: Who is Warhol?)

Andrew Wyeth

Terry
Triple Stumper
    $2000 3
the Loire

Terry
    $2000 12
Birth of a Nation

MacKenzie
    $2000 18
Copernicus

MacKenzie
    $2000 5
Modigliani

Triple Stumper

Scores at the end of the Double Jeopardy! Round:

Terry Tom MacKenzie
$10,800 $4,600 $26,400
(lock game)

[wagering suggestions for these scores]

Final Jeopardy! Round responses

FROM SCREEN TO STAGE
TomWhat is ?
$4,337
TerryWhat is the answer to this clue
$420
MacKenzieWhat is Waitress?
$0
Waitress

Final scores:

Terry Tom MacKenzie
$10,380 $263 $26,400
2nd place: $2,000 3rd place: $1,000 New champion: $26,400

Game dynamics:

Coryat scores:

Terry Tom MacKenzie
$8,400 $4,600 $14,200
13 R
(including 1 DD),
4 W
9 R,
1 W
22 R
(including 1 DD),
5 W

Combined Coryat: $27,200

[game clues] [game scores] [suggest correction]

Game tape date: 2019-12-04
The J! Archive is created by fans, for fans. Scraping, republication, monetization, and malicious use prohibited; this site may use cookies and collect identifying information. See terms. The Jeopardy! game show and all elements thereof, including but not limited to copyright and trademark thereto, are the property of Jeopardy Productions, Inc. and are protected under law. This website is not affiliated with, sponsored by, or operated by Jeopardy Productions, Inc. Join the discussion at JBoard.tv.